[Event "CZE-chT1W 1213"]
[Site "Czech Republic"]
[Date "2013.01.27"]
[Round "6.6"]
[White "Suran, Jan"]
[Black "Olejnicek, Jiri"]
[Result "1-0"]
[WhiteElo "2360"]
[BlackElo "2028"]
[PlyCount "43"]
[EventDate "2012.10.28"]
[EventType "team-tourn"]
[EventRounds "11"]
[EventCountry "CZE"]
[SourceTitle "EXT 2014"]
[Source "ChessBase"]
[SourceDate "2013.11.20"]
[SourceVersion "1"]
[SourceVersionDate "2013.11.20"]
[SourceQuality "1"]
[WhiteTeam "Lysa nad Labem II"]
[BlackTeam "Ceske Budejovice"]
[WhiteTeamCountry "CZE"]
[BlackTeamCountry "CZE"]

1. e4 e5 2. Nf3 Nc6 3. Bb5 a6 4. Ba4 Bc5 5. c3 Nf6 6. d4 exd4 7. e5 Nd5 8. 0-0 0-0 9. cxd4 Be7 10. Bb3 Nb6 11. d5 Nb8 12. d6 cxd6 13. exd6 Bf6 14. Nc3 Nc6 15. Re1 Rb8 16. Ne4 Na8 17. Bg5 Bxg5 18. Nexg5 Qf6 19. Nxf7 Na5 20. N7g5+ Nxb3 21. Qxb3+ Kh8 22. Qd3 1-0

[Event "CZE-chT2A 1112"]
[Site "Czech Republic"]
[Date "2012.01.22"]
[Round "6"]
[White "Olejnicek, Jiri"]
[Black "Palkova, Katerina"]
[Result "0-1"]
[WhiteElo "2005"]
[BlackElo "2014"]
[PlyCount "84"]
[EventDate "2011.10.09"]
[EventType "team-tourn"]
[EventRounds "11"]
[EventCountry "CZE"]
[SourceTitle "EXT 2013"]
[Source "ChessBase"]
[SourceDate "2012.11.22"]
[SourceVersion "1"]
[SourceVersionDate "2012.11.22"]
[SourceQuality "1"]
[WhiteTeam "Ceske Budejovice"]
[BlackTeam "Plzen Sokol"]
[WhiteTeamCountry "CZE"]
[BlackTeamCountry "CZE"]

1. e4 d6 2. f4 c5 3. Nf3 Nc6 4. d4 cxd4 5. Nxd4 Bd7 6. Bc4 Qb6 7. c3 Nf6 8. Qd3 e5 9. Nb3 Be7 10. Be3 Qc7 11. N1d2 Ng4 12. 0-0-0 exf4 13. Bxf4 0-0-0 14. Qe2 Nge5 15. Bd5 Nb4 16. Bxe5 dxe5 17. Bxf7 a6 18. Qc4 Nc6 19. Be6 Bg5 20. Kb1 Rhe8 21. Bxd7+ Rxd7 22. Nf3 Be3 23. Qe2 Bb6 24. Rxd7 Qxd7 25. Rd1 Qe7 26. Qc4 Kb8 27. Rd5 g5 28. Nc5 Bxc5 29. Qxc5 g4 30. Ne1 Qh4 31. Nd3 Qxh2 32. Rd7 Qh1+ 33. Kc2 Qxg2+ 34. Kb3 Qxe4 35. Qb6 Nd4+ 36. cxd4 Qxd3+ 37. Kb4 Qb5+ 38. Qxb5 axb5 39. Rxh7 e4 40. Kc3 e3 41. Rh1 g3 42. Rg1 g2 0-1

[Event "CZE-chT1W 0910"]
[Site "Czech Republic"]
[Date "2009.11.29"]
[Round "4.7"]
[White "Rubes, Jan"]
[Black "Olejnicek, Jiri"]
[Result "1-0"]
[WhiteElo "2047"]
[BlackElo "2019"]
[PlyCount "47"]
[EventDate "2009.10.11"]
[EventType "team-tourn"]
[EventRounds "11"]
[EventCountry "CZE"]
[SourceTitle "EXT 2011"]
[Source "ChessBase"]
[SourceDate "2010.11.26"]
[SourceVersion "1"]
[SourceVersionDate "2010.11.26"]
[SourceQuality "1"]
[WhiteTeam "Teplice"]
[BlackTeam "Ceske Budejovice"]
[WhiteTeamCountry "CZE"]
[BlackTeamCountry "CZE"]

1. e4 d5 2. exd5 Qxd5 3. Nc3 Qa5 4. d4 e5 5. Qh5 Nd7 6. Bc4 g6 7. Qe2 Be7 8. Bd2 c6 9. Nf3 f6 10. 0-0-0 Qc7 11. Rhe1 b5 12. Be6 exd4 13. Nxd4 Ne5 14. Ne4 Bxe6 15. Nxe6 Qc8 16. N4c5 Kf7 17. Bc3 Bxc5 18. Nxc5 Qf5 19. Bxe5 fxe5 20. Ne4 Qf4+ 21. Kb1 Ne7 22. g3 Qh6 23. Nd6+ Kf8 24. Qf3+ 1-0

[Event "CZE-chT1W 0910"]
[Site "Czech Republic"]
[Date "2009.11.15"]
[Round "3.8"]
[White "Erban, Tomas"]
[Black "Olejnicek, Jiri"]
[Result "1/2-1/2"]
[WhiteElo "2138"]
[BlackElo "2019"]
[PlyCount "159"]
[EventDate "2009.10.11"]
[EventType "team-tourn"]
[EventRounds "11"]
[EventCountry "CZE"]
[SourceTitle "EXT 2011"]
[Source "ChessBase"]
[SourceDate "2010.11.26"]
[SourceVersion "1"]
[SourceVersionDate "2010.11.26"]
[SourceQuality "1"]
[WhiteTeam "Vrsovice"]
[BlackTeam "Ceske Budejovice"]
[WhiteTeamCountry "CZE"]
[BlackTeamCountry "CZE"]

1. d4 Nf6 2. Nf3 g6 3. g3 b6 4. Bg2 Bb7 5. 0-0 Bg7 6. c4 0-0 7. Nc3 d6 8. Qc2 Nbd7 9. b3 c5 10. d5 Ne4 11. Bb2 Nxc3 12. Bxc3 Nf6 13. Rad1 Bc8 14. Nh4 Rb8 15. e4 b5 16. cxb5 Rxb5 17. Rfe1 Bg4 18. f3 Bd7 19. f4 Qc7 20. Bf1 Rbb8 21. e5 Ng4 22. h3 Nh6 23. e6 Bxc3 24. Qxc3 fxe6 25. dxe6 Bc6 26. Qc2 Nf5 27. Nxf5 Rxf5 28. Bd3 Rf6 29. Qe2 Qb7 30. Rd2 Bf3 31. Qe3 Bd5 32. Be4 Bxe4 33. Qxe4 Qxe4 34. Rxe4 Kg7 35. Kg2 Rff8 36. Rd5 a5 37. g4 Rb4 38. Kf3 Rfb8 39. h4 Rxe4 40. Kxe4 Rb4+ 41. Kf3 a4 42. Rd3 axb3 43. axb3 Kf6 44. Re3 Rd4 45. Kg3 Rd1 46. Kg2 Rc1 47. Kf3 Rg1 48. Re4 h5 49. gxh5 gxh5 50. b4 cxb4 51. Rxb4 Rg4 52. Rb5 Rxh4 53. Kg3 Rg4+ 54. Kf3 Rh4 55. Kg3 Rh1 56. Kg2 Re1 57. Kf2 Rxe6 58. Rxh5 Kf7 59. Rd5 Ke8 60. Kf3 Kd7 61. Rd1 Kc6 62. Rc1+ Kb5 63. Rb1+ Kc4 64. Rc1+ Kd5 65. Rd1+ Kc6 66. Rc1+ Kd7 67. Rd1 Rh6 68. Ke4 e6 69. Ra1 Ke7 70. Ra6 Rh4 71. Ke3 d5 72. Ra8 Rh1 73. Ra7+ Kf6 74. Ra8 Re1+ 75. Kd3 Kf5 76. Rf8+ Kg4 77. Rf6 Re4 78. Kd2 Rxf4 79. Rxe6 Kf5 80. Rh6 1/2-1/2

[Event "Tabor op"]
[Site "Tabor"]
[Date "2005.08.??"]
[Round "?"]
[White "Olejnicek, Jiri"]
[Black "Janda, Pavel"]
[Result "0-1"]
[WhiteElo "1991"]
[BlackElo "2140"]
[PlyCount "46"]
[EventDate "2005.07.30"]
[EventType "swiss"]
[EventRounds "9"]
[EventCountry "CZE"]
[SourceTitle "EXT 2006"]
[Source "ChessBase"]
[SourceDate "2005.11.24"]
[SourceVersion "1"]
[SourceVersionDate "2005.11.24"]
[SourceQuality "1"]

1. c4 c5 2. g3 Nc6 3. Bg2 e5 4. e3 g6 5. Nc3 Bg7 6. Nge2 Nge7 7. 0-0 0-0 8. b3 d6 9. Bb2 Be6 10. Nb5 a6 11. Na3 d5 12. d3 d4 13. e4 Qd7 14. f4 Bh3 15. fxe5 Bxg2 16. Kxg2 Nxe5 17. Nf4 f5 18. Qe2 Rae8 19. Rae1 fxe4 20. Qxe4 Nf5 21. Nc2 Nxc4 22. Ne6 Nce3+ 23. Nxe3 Rxe6 0-1

[Event "Tabor op"]
[Site "Tabor"]
[Date "2005.08.??"]
[Round "6"]
[White "Olejnicek, Jiri"]
[Black "Koubek, Vaclav"]
[Result "1/2-1/2"]
[WhiteElo "1991"]
[BlackElo "2136"]
[PlyCount "88"]
[EventDate "2005.07.30"]
[EventType "swiss"]
[EventRounds "9"]
[EventCountry "CZE"]
[SourceTitle "EXT 2006"]
[Source "ChessBase"]
[SourceDate "2005.11.24"]
[SourceVersion "1"]
[SourceVersionDate "2005.11.24"]
[SourceQuality "1"]

1. e4 e5 2. Nf3 Nc6 3. Bc4 Bc5 4. b4 Be7 5. b5 Na5 6. Nxe5 Nxc4 7. Nxc4 d5 8. exd5 Qxd5 9. Ne3 Qxb5 10. Nc3 Qc6 11. Ncd5 Be6 12. Nxe7 Nxe7 13. 0-0 0-0 14. Bb2 Ng6 15. Qh5 Rad8 16. Bc3 Nf4 17. Qe5 Ne2+ 18. Kh1 Nxc3 19. Qxc3 Qxc3 20. dxc3 Rd2 21. Rad1 Rfd8 22. a3 Kf8 23. Kg1 Ke7 24. Rxd2 Rxd2 25. Rd1 Rxd1+ 26. Nxd1 Kd6 27. Kf1 Kc5 28. Ke1 Bd5 29. g3 Be4 30. Kd2 Bg6 31. Nb2 Kd5 32. f3 f6 33. Nd1 Bh5 34. Ke3 Kc4 35. Ke2 a5 36. Ke3 b5 37. g4 Bg6 38. Kd2 Kd5 39. Ne3+ Ke5 40. c4 c6 41. cxb5 cxb5 42. c4 b4 43. axb4 axb4 44. Nd5 Bf7 1/2-1/2

[Event "CZE-chTJ 0001"]
[Site "Czech Republic"]
[Date "2000.??.??"]
[Round "7"]
[White "Olejnicek, Jiri"]
[Black "Cvikl, Michal"]
[Result "0-1"]
[WhiteElo "1905"]
[BlackElo "1990"]
[PlyCount "66"]
[EventDate "2000.??.??"]
[EventType "team"]
[EventRounds "11"]
[EventCountry "CZE"]
[SourceTitle "EXT 2002"]
[Source "ChessBase"]
[SourceDate "2001.11.25"]
[SourceVersion "1"]
[SourceVersionDate "2001.11.25"]
[SourceQuality "1"]

1. e4 d5 2. exd5 Qxd5 3. Nc3 Qa5 4. d4 Nf6 5. Bd3 Bg4 6. f3 Bh5 7. Bd2 c6 8. Nge2 e6 9. Ne4 Qd8 10. Nf4 Bg6 11. Nxg6 hxg6 12. c3 Nxe4 13. fxe4 Bd6 14. e5 Bxe5 15. Qf3 Qh4+ 16. Kd1 Bf6 17. Kc2 Nd7 18. a4 0-0 19. g3 Qh3 20. Rae1 e5 21. d5 cxd5 22. Qxd5 b6 23. Bxg6 Nc5 24. Bxf7+ Kh7 25. Qf3 Rxf7 26. Qxa8 Qf5+ 27. Kd1 Rd7 28. Re3 Bg5 29. Qf3 Qxf3+ 30. Rxf3 Rxd2+ 31. Ke1 e4 32. Rf5 Nd3+ 33. Kf1 e3 0-1